Statistiques concernant One Piece, équipage en images

Cliquez ici pour prendre le quiz!

Statistiques générales

  • Ce quiz a été pris 288 fois
  • Le résultat moyen est 10 sur 10

Statistiques - réponses

Réponse% Correct
Monkey.D.Luffy
100%
Nami
99%
Roronoa Zoro
99%
Tony Tony Chopper
97%
Vinsmoke Sanji
97%
Nico Robin
96%
Brook
95%
Usopp
95%
Franky
94%
Jinbe
94%

Distribution des résultats

Percentile par nombre de réponses

% des personnes avec chaque résultat

Votre développement - résultats

Vous n’avez pas pris ce quiz